000 00810nam a2200241 a 4500
999 _c1328
_d1328
001 1328
003 BD-JhCC
005 20171022124602.0
008 171018s1999 bg a|||| ||a| 000 0 ben d
020 _a9844101338
035 _a(BD-JhCC)1328
040 _aBD-JhCC
_dBD-JhCC
041 _aben
082 _a355.033
_bIBR 1999
100 _aইব্রাহিম, সৈয়দ মুহাম্মদ
245 _aসেনাবাহিনীর অভ্যন্তরে আটাশ বছর /
_cসৈয়দ মুহাম্মদ ইব্রাহিম,
260 _aঢাকা :
_bমাওলা ব্রাদার্স,
_c1999
300 _a115 p.;
_c24 cm.
650 _aPolitics and Government
_zBangladesh
650 _aDefence
942 _2ddc
_cBK